01017cam a2200265 a 450000100100000000500170001000800410002702000150006804000180008308200190010110000500012024501130017026000480028330000210033149000270035250000290037958600440040850400310045265000310048365000320051483000340054691000340058095201220061499900150073600000778220200929154310.0940802s1993 ck b 001 0 spa  a9586121577 aDO-SdBNPcDLC aC864.44bA478a1 aAlzate Cuervo, Gastón Adolfo,d1959-92148813aUn aspecto desesperanzado de la literatura :bSófocles, Hölderlin, Mutis /cGaston Adolfo Alzate Cuervo. aSantafé de Bogotá :bColcultura,c1993. a101 p. ;c21 cm.1 aPremios Nacionales '93 a"Ensayo joven ex-aequo." a"Premio Nacional de Ensayo Joven 1993". aBibliografías p. 99-101. 4aEnsayos colombianos914811 4aLiteratura colombiana91244 0aPremios Nacionales '93914740 aCatalogación por copia / LC 001052708MOaGRbGRcCTd2009-09-10iLF1l0oC864.44 A478ap7782-10r2020-06-25w2020-06-25y2ZPréstamo interno c7560d7560